QST

Detalles Bibliográficos
Autor Corporativo: American Radio Relay League
Formato: Electrónico Revista
Lenguaje:inglés
Publicado: [Newington, Conn., etc.], [American Radio Relay League]
Materias:
Acceso en línea:Full text available from Research Library: 01/01/1997 to present

MARC

LEADER 00000nas a22000001 4500
001 ssj0012152
003 WaSeSS
005 20200512172242.0
006 m d
007 cr n
008 750914c19159999ctumr p s 0 a0eng
010 |a  21009421  
016 |a (AMICUS)000001342203 
016 7 |a 008550190  |2 Uk 
022 |l 0033-4812  |y 0033-4812 
032 |a 451340  |b USPS 
035 |a (WaSeSS)ssj0012152 
040 |a DLC  |b eng  |c MUL  |d OCL  |d HUL  |d NSD  |d YUS  |d NSD  |d DLC  |d NST  |d AIP  |d HUL  |d NST  |d NSD  |d NST  |d SYS  |d OCLCQ  |d CDS  |d LVB  |d HUL  |d OCLCQ  |d UKMGB  |d OCLCF  |d OCLCO  |d GILDS  |d SBVCA  |d NLC  |d OCLCO  |d OCLCQ  |d WaSeSS 
042 |a nsdp  |a pcc 
050 0 0 |a TK1  |b .Q2 
082 0 4 |a 621.3841/66/05 
210 0 |a QST 
222 0 |a QST 
245 0 0 |a QST  |h [electronic resource]. 
260 |a [Newington, Conn., etc.],  |b [American Radio Relay League] 
362 0 |a v. 1- Dec. 1915- 
500 |a Devoted entirely to amateur radio. 
506 |a License restrictions may limit access. 
515 |a Suspended Oct. 1917-May 1919. 
550 |a Official organ of the American Radio Relay League. 
650 0 |a Radio  |v Periodicals. 
650 6 |a Radio  |v Périodiques. 
650 7 |a Radio.  |2 fast  |0 (OCoLC)fst01087053 
655 0 |a Electronic journals. 
710 2 |a American Radio Relay League. 
776 1 |t QST view  |w (DLC) 2006209887  |w (OCoLC)76970729 
850 |a CaAEU  |a CaNBFU  |a CaOPAL  |a DLC  |a MH-CS  |a MnU 
853 3 0 |8 1  |a v.  |b no.  |i (year)  |j (month) 
853 2 0 |8 1  |a v.  |b no.  |u 12  |v r  |i (year)  |j (month)  |w m  |x 01 
856 4 0 |z Full text available from Research Library: 01/01/1997 to present  |u https://search.proquest.com/publication/41746 
863 4 2 |8 1  |a <34>-  |i <1950>-  |x provisional 
863 4 1 |8 1.1  |a <88>  |b <7>  |i <2004>  |j <07>